Top 50 Rappers With The Largest Vocabulary - Statistics

General Stats
  • This quiz has been taken 36 times
  • The average score is 10 of 50
Answer Stats
Unique Words Used Answer % Correct
4,977 Nas
77%
6,018 RZA
48%
7,879 Aesop Rock
45%
4,613 Busta Rhymes
45%
5,901 Ghostface Killah
45%
6,390 GZA
42%
4,638 LL Cool J
35%
4,910 Method Man
35%
5,138 Common
32%
5,196 Redman
32%
6,169 MF DOOM
29%
4,827 Mos Def
29%
5,781 The Roots (Black Thought)
29%
6,196 Wu-Tang Clan
29%
5,915 Canibus
26%
5,428 Raekwon
26%
4,838 A Tribe Called Quest
23%
7,324 Busdriver
23%
4,572 Ludacris
23%
4,626 Fat Joe
19%
4,598 Gang Starr (Guru)
19%
5,566 Kool Keith
19%
4,655 Big Daddy Kane
16%
4,928 Brother Ali
16%
5,554 Kool G Rap
16%
4,678 Talib Kweli
16%
5,233 Action Bronson
13%
4,812 De La Soul
13%
4,645 Lupe Fiasco
13%
4,772 Murs
13%
4,787 Xzibit
13%
4,730 Atmosphere
10%
4,632 Beastie Boys
10%
5,178 Das EFX
10%
5,845 Del The Funky Homosapien
10%
5,004 E-40
10%
5,930 Immortal Technique
10%
6,424 Jedi Mind Tricks
10%
4,871 Joey Bada$$
10%
5,107 K.A.A.N.
10%
5,443 Sage Francis
10%
5,496 CunninLynguists
6%
4,644 Cypress Hill
6%
4,980 Goodie Mob
6%
5,738 Jean Grae
6%
5,704 Killah Priest
6%
5,413 Watsky
6%
5,741 Blackalicious (Gift of Gab)
3%
4,879 Flatbush Zombies
3%
4,757 Rittz
3%
No matching quizzes found
Score Distribution
Percent of People with Each Score
Percentile by Number Answered
Your Score History
You have not taken this quiz